000 00313nam a22001337a 4500
008 251222b ||||| |||| 00| 0 eng d
020 _a33389219116325
041 _aeng
080 _214th
_a1545254
100 _a1
101 _aMED
245 _aMEDICINE INTERNATIONAL TEST TEST
_cWILL
942 _2udc
_cBK
_e14th
999 _c60738
_d60738